000 00626nam a22002057a 4500
999 _c20856
_d20856
003 AR-CdUCM
008 190402b ||||| |||| 00| 0 spa d
040 _aMUNICIPALIDAD PROVINCIAL DEL CUSCO
_cBIBLIOTECA MUNICIPAL DEL CUSCO
082 _aEP / 372.64 /
_bV15
100 _aVado, Luz del
_943546
245 _aTus amigos los animales /
260 _aBarcelona :
_bBetis,
_c1962.
300 _bIlustraciones,
_c25 cm.
440 _aColeccion rincón del niño
_943547
505 _aContenidos :Cuentos infantiles.
650 _aEducación primaria
_91561
650 _aCuentos
_9217
942 _2ddc
_cLIBROS
945 _arcc